[Event "Thematic: Caro-Kann"]
[Site "SchemingMind.com"]
[Date "2011.02.02"]
[Round "-"]
[White "cnile"]
[Black "Will Grummitt"]
[Result "0-1"]
[WhiteCountry "SCO"]
[BlackCountry "ENG"]
[WhiteElo "1452"]
[WhiteRD "60"]
[BlackElo "1811"]
[BlackRD "56"]
[GameID "274817"]

1. e4 c6 2. d4 d5 3. Nc3 dxe4 4. Nxe4 Bf5 5. Ng3 Bg6 6. h4 h6 7. N1e2 Nd7 8. Nf4 Bh7 9. Bc4 Ngf6 10. Qe2 e6
11. Bd2 Bd6 12. O-O-O O-O 13. Nfh5 Qb6 14. Bc3 Bxg3 15. Nxg3 Rfe8 16. Kb1 Nd5 17. Bb3 Nxc3+ 18. bxc3 c5 19. dxc5 Nxc5 20. Qe5 Bg6
21. Kc1 Red8 22. h5 Bh7 23. f4 Rac8 24. Rhf1 Rxd1+ 25. Rxd1 Qa5 26. Rd7 Nxb3+ 27. axb3 Qa1+ 28. Kd2 Qg1 29. Qd6 Qxg2+ 30. Kc1 Qxc2#
0-1

[Event "Thematic: Caro-Kann"]
[Site "SchemingMind.com"]
[Date "2011.02.02"]
[Round "-"]
[White "Will Grummitt"]
[Black "cnile"]
[Result "0-1"]
[WhiteCountry "ENG"]
[BlackCountry "SCO"]
[WhiteElo "1905"]
[WhiteRD "57"]
[BlackElo "1459"]
[BlackRD "63"]
[GameID "274818"]

1. e4 c6 2. d4 d5 3. Nc3 dxe4 4. Nxe4 Bf5 5. Ng3 Bg6 6. h4 h6 7. Nf3 Nd7 8. h5 Bh7 9. Bc4 Nb6 10. Bb3 Nf6
11. O-O e6 12. c3 Bd6 13. Ne2 Ng4 14. Bf4 Bxf4 15. Nxf4 Bf5 16. Re1 O-O 17. Ne5 Nf6 18. g4 Be4 19. f3 Bh7 20. Bxe6 fxe6
21. Nxe6 Qe7 22. Nxf8 Qxf8 23. Qb3+ Nbd5 24. c4 Nf4 25. c5+ N4d5 26. Nd3 Kh8 27. Ne5 Nf4 28. Qxb7 Rb8 29. Qxc6 Rxb2 30. Nd7 Nh3+
31. Kh1 Qf7 32. Nxf6 gxf6 33. Qe8+ Qxe8 34. Rxe8+ Bg8 35. Rf8 Kg7 36. Ra8 Bd5 37. Rxa7+ Kf8 38. a4 Bxf3#
0-1

[Event "Thematic: Caro-Kann"]
[Site "SchemingMind.com"]
[Date "2011.02.02"]
[Round "-"]
[White "lontjr"]
[Black "cnile"]
[Result "1-0"]
[WhiteCountry "USA"]
[BlackCountry "SCO"]
[WhiteElo "1478"]
[WhiteRD "82"]
[BlackElo "1420"]
[BlackRD "61"]
[GameID "274882"]

1. e4 c6 2. d4 d5 3. exd5 cxd5 4. Bd3 Nc6 5. c3 e5 6. dxe5 Nxe5 7. Qe2 Qe7 8. Bb5+ Bd7 9. Bxd7+ Nxd7 10. Qxe7+ Bxe7
11. Nf3 Ngf6 12. O-O O-O 13. Bg5 h6 14. Bh4 Rfe8 15. Re1 Bd6 16. Rxe8+ Rxe8 17. Nbd2 Ne4 18. Nxe4 Ne5 19. Nxd6
1-0

[Event "Thematic: Caro-Kann"]
[Site "SchemingMind.com"]
[Date "2011.02.03"]
[Round "-"]
[White "lontjr"]
[Black "Will Grummitt"]
[Result "1-0"]
[WhiteCountry "USA"]
[BlackCountry "ENG"]
[WhiteElo "1478"]
[WhiteRD "82"]
[BlackElo "1852"]
[BlackRD "55"]
[GameID "274883"]

1. e4 c6 2. d4 d5 3. exd5 cxd5 4. Bd3 e6 5. Nf3 Nf6 6. O-O Bd6 7. Nc3 O-O 8. Re1 Re8 9. Nb5 Nc6 10. Be3 a6
11. Nxd6 Qxd6 12. Ne5 Nxe5 13. dxe5 Qxe5 14. Bd4 Qg5 15. Bxf6 Qxf6 16. Qh5 h6 17. Re5 b5 18. Rae1 Bb7 19. Qg4 Rac8 20. R1e3 Rc5
21. f4 Rc7 22. Rh3 Rc5 23. Reh5 Kf8 24. Re5 Rcc8 25. Rf3 d4 26. Rh5 Bxf3 27. Qxf3 e5 28. Rf5 Qd6 29. Rxf7+ Kg8 30. Qb7 Kh8
31. Rxg7 Qf8 32. Rh7+ Kg8 33. Qd5+
1-0

[Event "Thematic: Caro-Kann"]
[Site "SchemingMind.com"]
[Date "2011.02.02"]
[Round "-"]
[White "cnile"]
[Black "lontjr"]
[Result "1-0"]
[WhiteCountry "SCO"]
[BlackCountry "USA"]
[WhiteElo "1452"]
[WhiteRD "60"]
[BlackElo "1452"]
[BlackRD "95"]
[GameID "274884"]

1. e4 c6 2. d4 d5 3. Nc3 b5 4. exd5 b4 5. Ne4 cxd5 6. Ng3 Nf6 7. Bg5 Qb6 8. Nf3 h6 9. Bxf6 exf6 10. Bd3 Bg4
11. O-O Bxf3 12. Qxf3 Qxd4 13. Nf5 Qxb2 14. Qxd5
1-0

[Event "Thematic: Caro-Kann"]
[Site "SchemingMind.com"]
[Date "2011.02.02"]
[Round "-"]
[White "Will Grummitt"]
[Black "lontjr"]
[Result "1-0"]
[WhiteCountry "ENG"]
[BlackCountry "USA"]
[WhiteElo "1852"]
[WhiteRD "55"]
[BlackElo "1478"]
[BlackRD "82"]
[GameID "274885"]

1. e4 c6 2. d4 d5 3. Nc3 b5 4. a3 dxe4 5. Nxe4 Nf6 6. Nxf6+ exf6 7. Nf3 Bd6 8. Be2 O-O 9. O-O Be6 10. Re1 Nd7
11. Be3 Nb6 12. Qd2 Qc7 13. h3 f5 14. Qd3 Rad8 15. Rad1 Bc4 16. Qd2 Bxe2 17. Rxe2 Nc4 18. Qc1 Rfe8 19. Rde1 Re4 20. Kf1 Rde8
21. Nd2 Nxe3+ 22. Rxe3 Rxe3 23. Rxe3 Rxe3 24. fxe3 Bh2 25. Nf3 h6 26. Nxh2 Qxh2 27. Kf2 g5 28. c4 bxc4= 29. Qxc4 Qc7 30. Qc5 Qd7
31. b4 Kg7 32. Qe5+ Kg6 33. Qg3 Qe6 34. h4 Qa2+ 35. Kg1 Qxa3 36. Qd6+ Kh5 37. hxg5 hxg5 38. Qh2+ Kg4 39. Qh3#
1-0

[Event "Thematic: Caro-Kann"]
[Site "SchemingMind.com"]
[Date "2011.02.04"]
[Round "-"]
[White "tiggeronvrb"]
[Black "cnile"]
[Result "1-0"]
[WhiteCountry "SCO"]
[BlackCountry "SCO"]
[WhiteElo "1858"]
[WhiteRD "68"]
[BlackElo "1452"]
[BlackRD "60"]
[GameID "275020"]

1. e4 c6 2. d4 d5 3. Nc3 dxe4 4. Nxe4 Bf5 5. Ng3 Bg6 6. h4 h6 7. Nf3 Nd7 8. Bc4 e6 9. Qe2 Bb4+ 10. c3 Bd6
11. Ne5 Bh7 12. O-O Ngf6 13. Nxf7
1-0

[Event "Thematic: Caro-Kann"]
[Site "SchemingMind.com"]
[Date "2011.02.03"]
[Round "-"]
[White "tiggeronvrb"]
[Black "lontjr"]
[Result "1-0"]
[WhiteCountry "SCO"]
[BlackCountry "USA"]
[WhiteElo "1885"]
[WhiteRD "65"]
[BlackElo "1478"]
[BlackRD "82"]
[GameID "275022"]

1. e4 c6 2. d4 d5 3. Nc3 b5 4. a3 dxe4 5. Nxe4 Nf6 6. Nxf6+ exf6 7. Nf3 Be6 8. Bf4 Bd6 9. Qd2 O-O 10. Bd3 Na6
11. c3 Nc7 12. O-O Nd5 13. Bxd6 Qxd6 14. Rfe1 Bg4 15. Nh4 Rfe8 16. Nf5 Qd7 17. Ne3 g5 18. h3 Bh5 19. Bf5 Qd8 20. Ng4 Bg6
21. Rxe8+ Qxe8 22. Re1 Qf8 23. Bxg6 fxg6 24. Re6 Re8 25. Rxc6 h5 26. Ne3 Nxe3 27. fxe3 f5 28. Rxg6+ Kh7 29. Rxg5 h4 30. Qe2 Qh6
31. Rh5
1-0

[Event "Thematic: Caro-Kann"]
[Site "SchemingMind.com"]
[Date "2011.02.04"]
[Round "-"]
[White "tiggeronvrb"]
[Black "Will Grummitt"]
[Result "1-0"]
[WhiteCountry "SCO"]
[BlackCountry "ENG"]
[WhiteElo "1885"]
[WhiteRD "65"]
[BlackElo "1852"]
[BlackRD "55"]
[GameID "275023"]

1. e4 c6 2. d4 d5 3. Nc3 dxe4 4. Nxe4 Bf5 5. Ng3 Bg6 6. Nf3 h6 7. Bd3 Bxd3 8. Qxd3 e6 9. Bf4 Nf6 10. O-O-O Bd6
11. Bxd6 Qxd6 12. Rhe1 O-O 13. Ne5 Nbd7 14. f4 Qd5 15. Kb1 Rad8 16. f5 Nxe5 17. Rxe5 Qxg2 18. fxe6 fxe6 19. Rxe6 Qxh2 20. Rh1 Qf2
21. c3 Rde8 22. Re5 Nd5 23. Ne4 Rxe5 24. Nxf2 Re3 25. Qd2 Rfe8 26. Ng4 R3e6 27. Ne5 R8e7 28. a3 Nf6 29. Qg2 Nd7 30. Nxd7 Rxd7
31. Kc2 Rde7 32. Kb3 Re2 33. Qg4 Rf2 34. Rxh6 Ree2 35. Rg6 Rxb2+ 36. Kc4 Rf7 37. Re6 Ra2 38. Re8+ Rf8 39. Qe6+
1-0

[Event "Thematic: Caro-Kann"]
[Site "SchemingMind.com"]
[Date "2011.02.04"]
[Round "-"]
[White "cnile"]
[Black "tiggeronvrb"]
[Result "0-1"]
[WhiteCountry "SCO"]
[BlackCountry "SCO"]
[WhiteElo "1420"]
[WhiteRD "61"]
[BlackElo "1885"]
[BlackRD "65"]
[GameID "275024"]

1. e4 c6 2. d4 d5 3. Nc3 dxe4 4. Nxe4 Bf5 5. Ng3 Bg6 6. h4 h6 7. h5 Bh7 8. Nf3 Nd7 9. Bd3 Bxd3 10. Qxd3 Qc7
11. O-O Ngf6 12. Re1 e6 13. Be3 Bd6 14. Ne4 Nxh5 15. Nxd6+ Qxd6 16. c4 O-O 17. Rac1 Rad8 18. b3 e5 19. Nd2 exd4 20. Qxd4 Qxd4
21. Bxd4 Nf4 22. Nf3 Nd3 23. Rcd1 Nxe1 24. Rxe1 Rfe8 25. Rd1 Nf8 26. Rc1 Re2 27. Bxa7 Ra8 28. Bb6 Raxa2 29. Ne5 Rxe5
0-1

[Event "Thematic: Caro-Kann"]
[Site "SchemingMind.com"]
[Date "2011.02.04"]
[Round "-"]
[White "lontjr"]
[Black "tiggeronvrb"]
[Result "0-1"]
[WhiteCountry "USA"]
[BlackCountry "SCO"]
[WhiteElo "1478"]
[WhiteRD "82"]
[BlackElo "1885"]
[BlackRD "65"]
[GameID "275026"]

1. e4 c6 2. d4 d5 3. exd5 cxd5 4. Bd3 Nc6 5. c3 Nf6 6. Bf4 Bg4 7. Qb3 b6 8. Nd2 g6 9. Ngf3 Bg7 10. O-O O-O
11. Rfe1 e6 12. h3 Bxf3 13. Nxf3 Rc8 14. Ba6 Na5 15. Qb5 Rc4 16. b4 Nc6 17. Bb7 Nb8 18. Ne5 Rxc3 19. Bd2 Rc7 20. Ba6 Ne4
21. Bf4 Rc2 22. Nd3 Nc3
0-1

[Event "Thematic: Caro-Kann"]
[Site "SchemingMind.com"]
[Date "2011.02.03"]
[Round "-"]
[White "Will Grummitt"]
[Black "tiggeronvrb"]
[Result "0-1"]
[WhiteCountry "ENG"]
[BlackCountry "SCO"]
[WhiteElo "1852"]
[WhiteRD "55"]
[BlackElo "1885"]
[BlackRD "65"]
[GameID "275027"]

1. e4 c6 2. d4 d5 3. Nc3 dxe4 4. Nxe4 Bf5 5. Ng3 Bg6 6. h4 h6 7. Nf3 Nd7 8. h5 Bh7 9. Be2 Ngf6 10. O-O e6
11. Bd2 Bd6 12. Nh1 Nxh5 13. Ne1 Nhf6 14. Nd3 Ne4 15. Be3 O-O 16. Bf3 Ndf6 17. Re1 Qc7 18. Bxe4 Bxe4 19. Nc1 Rad8 20. f3 Bh7
21. Nf2 Nd5 22. Bd2 c5 23. c4 Nb6 24. dxc5 Bxc5 25. Qe2 Nxc4 26. Nb3 Nxd2 27. Nxd2 Qb6 28. Nb3 Bxf2+ 29. Qxf2 Qxf2+ 30. Kxf2 Bc2
31. Re3 Bxb3 32. Rxb3 Rd7 33. Rc1 Rfd8 34. Rbc3 Rd2+ 35. Kg3 Rxb2 36. Rc7 Rdd2 37. Re7 Rxg2+ 38. Kf4 g5+ 39. Ke5 Rb5+ 40. Kd6 Rd2+
41. Kc7 Rxa2 42. Rd1 Rd5 43. Re8+ Kg7 44. Rc1 b6 45. Kb7 Rf5 46. Rc7 Rxf3 47. Ree7 g4 48. Kb8 g3 49. Rxa7 Rxa7 50. Rxa7 g2
51. Ra1 Rf1
0-1

[Event "Thematic: Caro-Kann"]
[Site "SchemingMind.com"]
[Date "2011.02.06"]
[Round "-"]
[White "Gary"]
[Black "cnile"]
[Result "0-1"]
[WhiteCountry "ENG"]
[BlackCountry "SCO"]
[WhiteElo "1541"]
[WhiteRD "60"]
[BlackElo "1442"]
[BlackRD "58"]
[GameID "275163"]

1. e4 c6 2. d4 d5 3. Nd2 dxe4 4. Nxe4 Bf5 5. Ng3 Bg6 6. Nf3 h6 7. Bd3 Bxd3 8. Qxd3 Nd7 9. O-O e6 10. c4 Ngf6
11. Ne4 Nxe4 12. Qxe4 Nf6 13. Qd3 Bc5 14. Be3 O-O 15. Rfd1 Be7 16. h3 Rc8 17. a3 Bd6 18. c5 Bc7 19. b4 Nd5 20. Rab1 Qf6
21. Nd2 Nxe3 22. fxe3 Qh4 23. Nf3 Qf6 24. Rf1 Rcd8 25. b5 Rd5 26. a4 cxb5 27. axb5 Rfd8 28. Nd2 Qg5 29. Ne4 Qh4
0-1

[Event "Thematic: Caro-Kann"]
[Site "SchemingMind.com"]
[Date "2011.02.06"]
[Round "-"]
[White "Gary"]
[Black "tiggeronvrb"]
[Result "1-0"]
[WhiteCountry "ENG"]
[BlackCountry "SCO"]
[WhiteElo "1643"]
[WhiteRD "60"]
[BlackElo "1885"]
[BlackRD "65"]
[GameID "275165"]

1. e4 c6 2. d4 d5 3. Nd2 dxe4 4. Nxe4 Bf5 5. Ng3 Bg6 6. Nf3 Nd7 7. Bd3 Bxd3 8. Qxd3 Ngf6 9. O-O e6 10. Bf4 Nd5
11. Bg5 Qc7 12. Rfe1 Bd6 13. Ne4 O-O 14. c4 Nf4 15. Qd2 Ng6 16. g3 h6 17. Be3 Rad8 18. Bxh6 gxh6 19. Qxh6 Rfe8 20. Nfg5
1-0

[Event "Thematic: Caro-Kann"]
[Site "SchemingMind.com"]
[Date "2011.02.06"]
[Round "-"]
[White "Gary"]
[Black "lontjr"]
[Result "1-0"]
[WhiteCountry "ENG"]
[BlackCountry "USA"]
[WhiteElo "1669"]
[WhiteRD "64"]
[BlackElo "1452"]
[BlackRD "95"]
[GameID "275166"]

1. e4 c6 2. d4 d5 3. Nd2 b5 4. Ngf3 g6 5. Be2 Bg7 6. O-O Nd7 7. b3 Ngf6 8. Bd3 O-O 9. c4 Bb7 10. Bb2 Nb6
11. Re1 bxc4 12. bxc4 dxe4 13. Nxe4 Nxe4 14. Rxe4 Bxd4 15. Rxd4 Qc7 16. Be4 c5 17. Bxb7 Qxb7 18. Rh4
1-0

[Event "Thematic: Caro-Kann"]
[Site "SchemingMind.com"]
[Date "2011.02.06"]
[Round "-"]
[White "Gary"]
[Black "Will Grummitt"]
[Result "0-1"]
[WhiteCountry "ENG"]
[BlackCountry "ENG"]
[WhiteElo "1669"]
[WhiteRD "64"]
[BlackElo "1811"]
[BlackRD "56"]
[GameID "275167"]

1. e4 c6 2. d4 d5 3. Nd2 dxe4 4. Nxe4 Bf5 5. Ng3 Bg6 6. Nf3 h6 7. Bd3 Bxd3 8. Qxd3 Nf6 9. O-O e6 10. b3 Bd6
11. Bb2 Nbd7 12. c4 O-O 13. Rfe1 Re8 14. Ne4 Nxe4 15. Qxe4 Nf6 16. Qd3 Qc7 17. Ne5 Nd7 18. Qf3 Nxe5 19. dxe5 Bc5 20. Rad1 Rad8
21. a3 Qb6 22. b4 Be7 23. Bd4 Rxd4
0-1

[Event "Thematic: Caro-Kann"]
[Site "SchemingMind.com"]
[Date "2011.02.06"]
[Round "-"]
[White "cnile"]
[Black "Gary"]
[Result "1-0"]
[WhiteCountry "SCO"]
[BlackCountry "ENG"]
[WhiteElo "1450"]
[WhiteRD "57"]
[BlackElo "1469"]
[BlackRD "60"]
[GameID "275168"]

1. e4 c6 2. d4 d5 3. Nc3 dxe4 4. Nxe4 Bf5 5. Ng3 Bg6 6. h4 h5 7. Be2 Nf6 8. Nh3 e6 9. Bg5 Be7 10. O-O Nbd7
11. Qd2 c5 12. d5 exd5 13. Bb5 O-O 14. Bxd7 Qxd7 15. c3 Rfe8 16. Rfe1 Rac8 17. Rad1 Red8 18. Nf4 d4 19. Rxe7 Qxe7 20. cxd4 cxd4
21. Ngxh5 Bxh5 22. Nxh5 Rc6 23. Nxg7 Kxg7 24. Bh6+ Kh7 25. Bg5 Qe5 26. Qd3+ Kg7 27. Qb3 b6 28. Qa4 Rc7 29. Qb3 Qd5 30. Qg3 Rc6
31. Bf4+ Kf8 32. Bh6+ Ke8 33. Re1+
1-0

[Event "Thematic: Caro-Kann"]
[Site "SchemingMind.com"]
[Date "2011.02.06"]
[Round "-"]
[White "tiggeronvrb"]
[Black "Gary"]
[Result "1-0"]
[WhiteCountry "SCO"]
[BlackCountry "ENG"]
[WhiteElo "1885"]
[WhiteRD "65"]
[BlackElo "1643"]
[BlackRD "60"]
[GameID "275170"]

1. e4 c6 2. d4 d5 3. Nc3 dxe4 4. Nxe4 Bf5 5. Ng3 Bg6 6. h4 h5 7. Nf3 Nf6 8. Bc4 e6 9. Bg5 Be7 10. Qe2 Nbd7
11. c3 b5 12. Bb3 Qc7 13. O-O O-O 14. Rfe1 a5 15. Rad1 a4 16. Bc2 Bxc2 17. Qxc2 g6 18. Rd2 Nd5 19. Ne4 Bxg5 20. Nexg5 Kg7
21. Rxe6 Rac8 22. Rxg6+
1-0

[Event "Thematic: Caro-Kann"]
[Site "SchemingMind.com"]
[Date "2011.02.06"]
[Round "-"]
[White "lontjr"]
[Black "Gary"]
[Result "0-1"]
[WhiteCountry "USA"]
[BlackCountry "ENG"]
[WhiteElo "1478"]
[WhiteRD "82"]
[BlackElo "1643"]
[BlackRD "60"]
[GameID "275171"]

1. e4 c6 2. d4 d5 3. exd5 cxd5 4. Bd3 Nf6 5. c3 g6 6. Qb3 Bg7 7. Nf3 O-O 8. O-O Nc6 9. Be3 Qc7 10. Nbd2 Bg4
11. h3 Bxf3 12. Nxf3 b6 13. Bb5 Rac8 14. Qa4 a5 15. Ba6 Rcd8 16. Bb5 Na7 17. Bd3 Nd7 18. Qb3 e5 19. a4 e4
0-1

[Event "Thematic: Caro-Kann"]
[Site "SchemingMind.com"]
[Date "2011.02.06"]
[Round "-"]
[White "Will Grummitt"]
[Black "Gary"]
[Result "1-0"]
[WhiteCountry "ENG"]
[BlackCountry "ENG"]
[WhiteElo "1852"]
[WhiteRD "55"]
[BlackElo "1643"]
[BlackRD "60"]
[GameID "275172"]

1. e4 c6 2. d4 d5 3. Nc3 dxe4 4. Nxe4 Bf5 5. Ng3 Bg6 6. h4 h5 7. Nf3 Nf6 8. Bc4 e6 9. Bg5 Be7 10. O-O Nbd7
11. Re1 O-O 12. Ne5 Nd5 13. Nxg6 fxg6 14. Bxe7 Qxe7 15. Qe2 Rae8 16. Bxd5 cxd5 17. Qd3 Qxh4 18. Qxg6 Nf6 19. Re5 Qxd4 20. Nxh5 Nxh5
21. Rxh5 Qxf2+ 22. Kh1 Qf6 23. Qh7+ Kf7 24. c3 Ke7 25. Kg1 Kd8 26. Qc2 g6 27. Rh6 Rg8 28. Qa4 a6 29. Rf1 Qg7 30. Qh4+ Kc8
31. Rh7 Rh8 32. Rxg7 Rxh4 33. Rff7 Rc4 34. Rxb7 Rc6 35. Ra7 Kb8 36. Rgb7+ Kc8 37. Kf2 Rf8+ 38. Ke3 Rf1 39. Rg7 Kb8 40. Rae7
1-0

[Event "Thematic: Caro-Kann"]
[Site "SchemingMind.com"]
[Date "2011.02.06"]
[Round "-"]
[White "mark"]
[Black "Gary"]
[Result "0-1"]
[WhiteCountry "GBR"]
[BlackCountry "ENG"]
[WhiteElo "1628"]
[WhiteRD "103"]
[BlackElo "1643"]
[BlackRD "60"]
[GameID "275195"]

1. e4 c6 2. d4 d5 3. c4 dxe4 4. Be3 Nf6 5. h3 Nbd7 6. Nc3 e5 7. a3 Be7 8. Qc2 O-O 9. Nxe4 exd4 10. Bxd4 c5
11. Be3 b6 12. Nf3 Bb7 13. Bd3 Qc7 14. Nfg5 Ne5 15. O-O-O Rad8 16. f3 h6 17. Nxf6+ Bxf6 18. Bh7+ Kh8 19. Rxd8 Rxd8 20. Bg8 Kxg8
21. Qh7+ Kf8 22. Ne4 Nd3+ 23. Kb1 Bxe4 24. fxe4 Qe5 25. Bc1 Nxc1 26. Qh8+ Ke7 27. Rxc1 Qxb2#
0-1

[Event "Thematic: Caro-Kann"]
[Site "SchemingMind.com"]
[Date "2011.02.07"]
[Round "-"]
[White "mark"]
[Black "cnile"]
[Result "1-0"]
[WhiteCountry "GBR"]
[BlackCountry "SCO"]
[WhiteElo "1592"]
[WhiteRD "97"]
[BlackElo "1459"]
[BlackRD "63"]
[GameID "275196"]

1. e4 c6 2. d4 d5 3. c4 dxe4 4. Be3 Nf6 5. Nc3 Nbd7 6. Qc2 e5 7. Nxe4 Bb4+ 8. Bd2 Qa5 9. Nf3 Nxe4 10. Qxe4 Bxd2+
11. Nxd2 O-O 12. Bd3 Nf6 13. Qe2 Re8 14. O-O exd4 15. Qd1 Bd7 16. Nf3 h6 17. Nxd4 Rad8 18. Nb3 Qc7 19. Qf3 Bg4 20. Qg3 Rxd3
21. Qxd3 Be6 22. Nc5 Ng4 23. g3 Ne5 24. Nxe6 Rxe6 25. Qa3 Nxc4 26. Qxa7 Nd2 27. Rfd1 Nf3+ 28. Kg2 Ng5 29. Qa8+ Kh7 30. Rd8 Re2
31. Rh8+ Kg6 32. Qa3 Ne4 33. Rf1 c5 34. Qd3 Qc6 35. Kg1 Rd2 36. Qf3 Rxb2 37. Qg4+ Ng5 38. h4 h5 39. Qxg5#
1-0

[Event "Thematic: Caro-Kann"]
[Site "SchemingMind.com"]
[Date "2011.02.06"]
[Round "-"]
[White "mark"]
[Black "tiggeronvrb"]
[Result "0-1"]
[WhiteCountry "GBR"]
[BlackCountry "SCO"]
[WhiteElo "1592"]
[WhiteRD "97"]
[BlackElo "1819"]
[BlackRD "64"]
[GameID "275198"]

1. e4 c6 2. d4 d5 3. a3 dxe4 4. Nc3 Nf6 5. Be3 Bf5 6. Bc4 e6 7. Nge2 Bd6 8. Qd2 Nbd7 9. h3 Nb6 10. Ba2 O-O
11. Ng3 Bg6 12. Bg5 Nbd7 13. Qe2 Qb6 14. O-O Bxg3 15. fxg3 Qxd4+ 16. Kh2 h6 17. Be3 Qd6 18. Rad1 Qe7 19. b4 b6 20. Bf4 e5
21. Bc1 Rfe8 22. Qc4 Rac8 23. g4 c5 24. Nb5 cxb4 25. Qxb4 Qxb4 26. axb4 Rxc2 27. Bb3 e3 28. Bxc2 e2 29. Bxg6 fxg6 30. Nd6 Re6
31. Rfe1 exd1=Q 32. Rxd1 e4 33. Be3 Ne5 34. b5 Nexg4+ 35. hxg4 Nxg4+ 36. Kg3 Nxe3 37. Rd4 Rxd6 38. Rxd6 Nf5+ 39. Kf4 Nxd6 40. g4 Nxb5
41. Kxe4 a5 42. Kd3 a4 43. Kc2 a3 44. Kb3 h5 45. gxh5 gxh5 46. Kb4 h4 47. Kxb5 a2 48. Kxb6 a1=Q 49. Kb5 Qc3 50. Ka4 Qb2
51. Ka5 h3 52. Ka6 h2 53. Ka5 h1=Q 54. Ka4 Qa8#
0-1

[Event "Thematic: Caro-Kann"]
[Site "SchemingMind.com"]
[Date "2011.02.07"]
[Round "-"]
[White "mark"]
[Black "lontjr"]
[Result "1-0"]
[WhiteCountry "GBR"]
[BlackCountry "USA"]
[WhiteElo "1628"]
[WhiteRD "103"]
[BlackElo "1478"]
[BlackRD "82"]
[GameID "275199"]

1. e4 c6 2. d4 d5 3. c3 dxe4 4. Be3 f5 5. Bc4 Qb6 6. b3 Nf6 7. Ne2 Nd5 8. Bxd5 cxd5 9. Ng3 g6 10. Nd2 Bg7
11. Qc2 Nc6 12. O-O Bd7 13. Ne2 O-O-O 14. Nf4 e5 15. Nxd5 Qb5 16. c4 Qa5 17. c5 f4 18. Nc4 Qa6 19. Bd2 b5 20. Nd6+ Kb8
21. Qxe4 Bf5 22. Qf3 Nxd4 23. Qd1 Rxd6 24. cxd6 Qxd6 25. Nb4 e4 26. Rc1 e3 27. Bc3 Rd8 28. fxe3 fxe3 29. Be1 Bh6 30. Bg3
1-0

[Event "Thematic: Caro-Kann"]
[Site "SchemingMind.com"]
[Date "2011.02.06"]
[Round "-"]
[White "mark"]
[Black "Will Grummitt"]
[Result "0-1"]
[WhiteCountry "GBR"]
[BlackCountry "ENG"]
[WhiteElo "1582"]
[WhiteRD "126"]
[BlackElo "1811"]
[BlackRD "56"]
[GameID "275200"]

1. e4 c6 2. d4 d5 3. c4 e6 4. a3 Nf6 5. Nc3 Nbd7 6. Qc2 dxe4 7. Nxe4 Nxe4 8. Qxe4 Nf6 9. Qc2 Qxd4 10. Be3 Qe4
11. Qd2 Bc5 12. Rd1 O-O 13. Nf3 Ng4 14. Bd3 Bxe3 15. fxe3 Qxe3+ 16. Kf1 Rd8 17. Bxh7+ Kxh7 18. Qc2+ Kh6 19. Rxd8 f5 20. Rh8+ Kg6
21. Rh3 Qc5 22. Nh4+ Kf7 23. Qd2 Qxc4+ 24. Ke1 Qe4+ 25. Kf1 b6 26. Rg1 Ba6+ 27. Rd3 Bxd3+ 28. Qxd3 Qxd3+
0-1

[Event "Thematic: Caro-Kann"]
[Site "SchemingMind.com"]
[Date "2011.02.06"]
[Round "-"]
[White "Gary"]
[Black "mark"]
[Result "0-1"]
[WhiteCountry "ENG"]
[BlackCountry "GBR"]
[WhiteElo "1541"]
[WhiteRD "60"]
[BlackElo "1597"]
[BlackRD "96"]
[GameID "275201"]

1. e4 c6 2. d4 d5 3. Nd2 e6 4. Ngf3 c5 5. Bb5+ Bd7 6. Bxd7+ Nxd7 7. O-O Ngf6 8. e5 Ne4 9. c3 h6 10. Re1 cxd4
11. cxd4 Bb4 12. a3 Be7 13. Nxe4 dxe4 14. Rxe4 Qc7 15. Bd2 O-O 16. Rc1 Qb6 17. b4 f6 18. Re1 fxe5 19. dxe5 g5 20. Be3 Qb5
21. Qb3 Kf7 22. Qxe6+ Kxe6 23. Nd4+ Kxe5 24. Nxb5 Kf6 25. Bd4+ Kf7 26. Bb2 a6 27. Nc7 Rac8 28. Nd5 Rxc1 29. Rxc1 Bd6 30. Ne3 b5
31. Rc6 Bf4 32. Nd5 Re8 33. g3 Re1+ 34. Kg2 Bb8 35. Rxa6 Re2 36. Bc3 Be5 37. Bxe5 Nxe5
0-1

[Event "Thematic: Caro-Kann"]
[Site "SchemingMind.com"]
[Date "2011.02.07"]
[Round "-"]
[White "cnile"]
[Black "mark"]
[Result "0-1"]
[WhiteCountry "SCO"]
[BlackCountry "GBR"]
[WhiteElo "1459"]
[WhiteRD "63"]
[BlackElo "1592"]
[BlackRD "97"]
[GameID "275202"]

1. e4 c6 2. d4 d5 3. Nc3 g6 4. e5 Bg7 5. Bd2 e6 6. Nf3 Qc7 7. Bd3 Ne7 8. Na4 a5 9. O-O Nd7 10. c4 O-O
11. cxd5 Nxd5 12. Rc1 f6 13. exf6 N7xf6 14. Nc5 Re8 15. Bc3 Nd7 16. Nxe6 Rxe6 17. Bc4 Nxc3 18. Bxe6+ Kf8 19. Rxc3 Nf6 20. Re1 Bxe6
21. Rxe6 Rd8 22. Ree3 Nd5 23. Ne5 Nxe3 24. Rxe3 Qb6 25. Rf3+ Ke8 26. Ng4 Rxd4 27. Qe2+ Kd7 28. Rf7+ Kc8 29. Qe6+ Kb8 30. Qe8+ Rd8
31. Qe1 Bd4 32. Rxh7 Rf8 33. Qe7 Bxf2+ 34. Nxf2 Qxf2+ 35. Kh1 Qf1#
0-1

[Event "Thematic: Caro-Kann"]
[Site "SchemingMind.com"]
[Date "2011.02.06"]
[Round "-"]
[White "tiggeronvrb"]
[Black "mark"]
[Result "1-0"]
[WhiteCountry "SCO"]
[BlackCountry "GBR"]
[WhiteElo "1819"]
[WhiteRD "64"]
[BlackElo "1592"]
[BlackRD "97"]
[GameID "275204"]

1. e4 c6 2. d4 d5 3. Nc3 e6 4. Nf3 Bb4 5. Bd3 dxe4 6. Bxe4 Bxc3+ 7. bxc3 h6 8. Bf4 Nf6 9. Bd3 Qa5 10. Qd2 Nd5
11. c4 Qxd2+ 12. Bxd2 Nf6 13. O-O Nbd7 14. Rab1 O-O 15. Rfe1 Re8 16. c3 b6 17. Re2 Bb7 18. Rbe1 Rad8 19. Kf1 a5 20. h3 c5
21. d5 exd5 22. cxd5 Bxd5 23. a3 c4 24. Bf5 Bxf3 25. Rxe8+ Rxe8 26. Rxe8+ Nxe8 27. Bxd7 Bxg2+ 28. Kxg2 Nf6 29. Bb5 Ne4 30. Be1 Nd6
31. Ba6 Kf8 32. Bd2 Ke7 33. Be3 b5 34. Bc5 Kd7 35. Bxd6 Kxd6 36. Bxb5 Kc5 37. Ba6 f6 38. Kf3 Kd5 39. Kf4 g6 40. h4 h5
41. Bb5 g5+ 42. hxg5 fxg5+ 43. Kxg5 Ke4 44. Bxc4 Kf3 45. Bd5+ Kxf2 46. c4 Ke3 47. c5 Kd4 48. c6 Kxd5 49. c7 Kc6 50. c8=Q+ Kb6
51. Qc4 h4 52. Kxh4 a4 53. Kg5 Kb7 54. Kf6 Kb6 55. Ke6 Kb7 56. Kd6 Kb6 57. Qb4+ Ka7 58. Kc7 Ka6 59. Qb6#
1-0

[Event "Thematic: Caro-Kann"]
[Site "SchemingMind.com"]
[Date "2011.02.06"]
[Round "-"]
[White "lontjr"]
[Black "mark"]
[Result "0-1"]
[WhiteCountry "USA"]
[BlackCountry "GBR"]
[WhiteElo "1478"]
[WhiteRD "82"]
[BlackElo "1628"]
[BlackRD "103"]
[GameID "275205"]

1. e4 c6 2. d4 d5 3. exd5 cxd5 4. Bd3 Nc6 5. c3 e5 6. dxe5 Nxe5 7. Qe2 Qe7 8. Bb5+ Bd7 9. Bg5 f6 10. Bxd7+ Qxd7
11. Bf4 Bd6 12. Nf3 Qf5 13. Bg3 Ne7 14. Nxe5 Bxe5 15. Bh4 O-O 16. Nd2 Rfe8 17. O-O-O Ng6 18. Nf3 Bf4+ 19. Rd2 Rxe2
0-1

[Event "Thematic: Caro-Kann"]
[Site "SchemingMind.com"]
[Date "2011.02.06"]
[Round "-"]
[White "Will Grummitt"]
[Black "mark"]
[Result "1-0"]
[WhiteCountry "ENG"]
[BlackCountry "GBR"]
[WhiteElo "1852"]
[WhiteRD "55"]
[BlackElo "1628"]
[BlackRD "103"]
[GameID "275206"]

1. e4 c6 2. d4 d5 3. Nc3 g6 4. Nf3 Bg7 5. Be2 Bg4 6. O-O e6 7. h3 Bxf3 8. Bxf3 Nd7 9. e5 Ne7 10. Bg5 f6
11. exf6 Nxf6 12. Re1 Qd7 13. Qe2 Ne4 14. Nxe4 dxe4 15. Qxe4 Kf7 16. Bg4 Nf5 17. Rad1 Rhe8 18. Bxf5 gxf5 19. Qh4 Kg8 20. c3 a6
21. Re2 e5 22. Bf6 exd4 23. Rxe8+ Rxe8 24. Bxg7 Qxg7 25. Qxd4 Qf7 26. b3 Re2 27. Qd8+ Kg7 28. Rd7 Re1+ 29. Kh2 Qe7 30. Rxe7+ Rxe7
31. Qxe7+ Kg6 32. Qxb7 Kg5 33. g3 h5 34. Qg7#
1-0